Responses for show #3242 - Tuesday, October 13, 1998

Melizza Zygmunt game 4.

Contestants

[<< previous game]

Miles Madorin, an attorney from Golden, Colorado

Judy Squires, a secretary originally from Galesburg, Illinois

Melizza Zygmunt, a stay-at-home mom from Valparaiso, Indiana (whose 3-day cash winnings total $23,200)

[next game >>]

Jeopardy! Round responses

MUSIC & LITERATURE
WACKY PRODUCTS
LAKES & RIVERS
LANGUAGES
WHO WAS THAT MASKED MAN?
I DUNNO
    $100 6
Rip Van Winkle

Miles
    $100 7
1950s

Miles
    $100 26
(Miles: What is the Nile?)
(Alex: The Nile is the longest river.)

Amazon

MelizzaMiles
    $100 1
Dutch

Miles
    $100 12
Phantom of the Opera

Melizza
    $100 19
"Clueless"

Melizza
    $200 13
George F. Handel

Judy
    $200 8
The Clapper

Melizza
    $200 27
Switzerland

Miles
    $200 2
(Miles: What is Lapp?)

Swedish

MelizzaMiles
    $200 15
The Lone Ranger

Judy
    $200 20
A blank

Miles
    $700 14
(J: What is Dante's "Inferno?")
(Alex: It's one part; it's also known as "Dante's Symphony")

"The Divine Comedy"

Judy
    $300 9
Chia Pet

Melizza
    $300 28
(Melizza: What is the Rhine?)

Danube

MelizzaMiles
    $300 3
French

Melizza
    $300 16
Jim Carrey

Miles
    $300 21
Tabula rasa

Miles
    $400 24
Elizabeth Barrett Browning

Melizza
    $400 10
(Melizza: What is Super String?)

Silly String

MelizzaMiles
    $400 29
Loch Lomond

Judy
    $400 4
Spanish

Melizza
    $400 17
Zorro

Judy
    $400 22
Ignorance

Melizza
    $500 25
(we have about a minute left...)

"Pilgrim's Progress"

Melizza
    $500 11
Tamagotchi

Miles
    $500 30
(Miles: What is Lake Superior?)

Lake of the Woods

JudyMiles
    $500 5
(Miles: What is Lithuanian?)

Estonian

JudyMiles
    $500 18
Michael Jackson

Miles
    $500 23
The Loop

Judy

Scores at the first commercial break (after clue 14):

Melizza Judy Miles
$1,100 $0 $500

Scores at the end of the Jeopardy! Round:

Melizza Judy Miles
$2,300 $2,000 $1,700

Double Jeopardy! Round responses

THE U.S. CONSTITUTION
1890s TECHNOLOGY
(and there was some)
PEOPLE WITH MUPPET NAMES
(oh boy!)
GUEST EDITORS
THE BLUES
MYTHOLOGICAL CROSSWORD CLUES "M"
    $200 1
35

Melizza
    $200 6
Thomas Edison

Miles
    $200 21
Tarzan

Judy
    $200 22
Dalai Lama

Miles
    $200 14
Memphis

Judy
    $200 11
King Midas

Judy
    $400 2
Treaties

Judy
    $400 7
Antennas

Miles
    $400 23
(we've got about a minute left...)

Bert Parks

Melizza
    $400 15
(J: Who is Billie Holiday?)

Bessie Smith

Judy
Triple Stumper
    $400 12
Mercury

Judy
    $600 3
(J: Who is Benedict Arnold?)
(Alex: You lost the sense of the clue there)

Treason

JudyMiles
    $600 8
Zipper

Melizza
    $600 24
Ernie Pyle

Judy
    $600 16
(Alex: Quite often with
Brownie McGhee.)

Harmonica

Triple Stumper
    $600 13
Medusa

Miles
    $800 4
Poll tax

Miles
    $1,200 9
(Alex: But I bet you can't give me his first name!)

Rudolf Diesel

Melizza
    $800 25
Oscar Wilde

Judy
    $800 28
(buzzer sounds)

Nelson Mandela

Miles
    $1,000 17
(J: I bet it was Muddy Waters; who is Muddy Waters?)
(Alex: Whoa-oh, good thing you remembered to phrase it in the form of a question!)

"Muddy Waters"

Judy
    $800 19
Medea

Melizza
    $1000 5
Ex post facto

Miles
    $1000 10
Diamonds

Melizza
    $1000 26
Grover Washington, Jr.

Triple Stumper
    $1000 27
Tony Blair

Miles
    $1000 18
Robert Johnson

Judy
    $1000 20
Menelaus

Melizza

Scores at the end of the Double Jeopardy! Round:

Melizza Judy Miles
$7,500 $5,800 $7,300

[wagering suggestions for these scores]

Final Jeopardy! Round responses

HOLIDAYS & OBSERVANCES
(Alex: Lent begins on the following day, Ash Wednesday; that's why we couldn't accept yours, Miles.)
JudyWhat Presidents
$5,800
MilesWhat are Lent & Easter
$7,000
MelizzaWhat is Easter & Ash
$7,101
Mardi Gras & Easter

Final scores:

Melizza Judy Miles
$399 $0 $300
4-day champion: $23,599 3rd place: JBL Harmony Stereo System 2nd place: Trip to Marco Island Marriott Resort & Golf Club, Florida

Game dynamics:

Coryat scores:

Melizza Judy Miles
$7,100 $6,300 $7,300
18 R
(including 1 DD),
2 W
16 R
(including 1 DD),
3 W
(including 1 DD)
20 R,
4 W

Combined Coryat: $20,700

The J! Archive is created by fans, for fans. The Jeopardy! game show and all elements thereof, including but not limited to copyright and trademark thereto, are the property of Jeopardy Productions, Inc. and are protected under law. This website is not affiliated with, sponsored by, or operated by Jeopardy Productions, Inc. Join the discussion at JBoard.tv.